000 00462nam a2200157Ia 4500
008 240729s9999 xx 000 0 und d
022 _a1338-7278
245 0 _aSelected Scientific Papers: Journal of Civil Engineering
260 _aPoland
260 _bSciendo
650 _a Engineering (General). Civil engineering (General)
650 _aTechnology
856 _uhttps://doaj.org/toc/0cdfaf1b45d744febccfbe7604605d8c
942 _2ddc
942 _cDOAJEJ
999 _c66260
_d66260
945 _a1
_bMadushi Gamage
_c1
_dMadushi Gamage